000 00522nam a2200181Ia 4500
005 20250317125018.0
008 008 250317s9999 xx 000 0 eng d
037 _aTextbook
040 _aFMSL
_beng
_cFMSL
041 _aeng
_2eng
084 _aX:8F N5
_qFMSL
100 _aMclaney E
_9743301
245 0 _aManagement accounting for non-specialists
260 _aNew Delhi
_bNew Delhi, Prentice-Hall
_c1995
300 _a330p
942 _cTB
_hX:8F N5
999 _c1257625
_d1257625